| 000 | 01081nam a22003137i 4500 | ||
|---|---|---|---|
| 003 | EG-ScBUE | ||
| 005 | 20221219134211.0 | ||
| 008 | 110721t2007 njua f b 001 0 eng d | ||
| 020 | _a0471488178 | ||
| 020 | _a9780471488170 | ||
| 040 |
_aEG-ScBUE _beng _erda _cEG-ScBUE _dEG-ScBUE |
||
| 082 | 0 | 4 |
_222 _a729 _bALL |
| 100 | 1 |
_917019 _aAllen, Edward, _d1938- _eauthor. |
|
| 245 | 1 | 0 |
_aArchitectural detailing : _bfunction, constructability, aesthetics / _cdrawings by Edward Allen, Joseph Iano, Patrick Rand. |
| 250 | _aSecond edition. | ||
| 264 | 1 |
_aHoboken, N.J. : _bJohn Wiley & Sons, Inc., _c[2007] |
|
| 264 | 4 | _cc2007 | |
| 300 |
_axiii, 321 pages : _billustrations ; _c28 cm |
||
| 336 |
_2rdacontent _atext _btxt |
||
| 337 |
_2rdamedia _aunmediated _bn |
||
| 338 |
_2rdacarrier _avolume _bnc |
||
| 504 | _aIncludes bibliographical references and index. | ||
| 650 | 7 |
_926368 _aArchitecture _xDetails. _2BUEsh |
|
| 653 |
_cJuly2011 _bENGARC |
||
| 655 | _vReading book | ||
| 700 | 1 |
_aIano, Joseph, _eauthor. |
|
| 700 | 1 |
_aRand, Patrick, _d1950- _eauthor. |
|
| 942 |
_2ddc _cBB |
||
| 999 |
_c15716 _d15716 |
||